Fifty States -- in order! - Statistics

General Stats
  • This quiz has been taken 3,682 times
  • The average score is 30 of 50
Answer Stats
# Date Admitted Hint Answer % Correct
2 December 12, 1787 Liberty Bell Pennsylvania
88%
1 December 7, 1787 The First State Delaware
87%
4 January 2, 1788 Peaches Georgia
80%
50 Aug. 21, 1959 Polynesian Hawaii
79%
48 Feb. 14, 1912 Grand Canyon Arizona
76%
49 Jan. 3, 1959 Seward's Icebox Alaska
75%
31 Sept. 9, 1850 Gold rush California
74%
45 Jan. 4, 1896 Mormonism Utah
71%
28 Dec. 29, 1845 Oil Texas
68%
27 Mar. 3, 1845 NASA Florida
67%
43 July 3, 1890 Potatoes Idaho
67%
23 Mar. 15, 1820 Lobsters Maine
67%
7 April 28, 1788 Chesapeake Maryland
67%
26 Jan. 26, 1837 Cars Michigan
66%
21 Dec. 3, 1818 Land of Lincoln Illinois
64%
3 December 18, 1787 The Hindenburg New Jersey
64%
10 June 25, 1788 Mount Vernon Virginia
64%
5 January 9, 1788 Constitution State Connecticut
62%
18 Apr. 30, 1812 Bayous Louisiana
62%
36 Oct. 31, 1864 Area 51 Nevada
62%
19 Dec. 11, 1816 Hoosiers Indiana
61%
32 May 11, 1858 10,000 lakes Minnesota
61%
39 Nov. 2, 1889 Fargo North Dakota
61%
11 July 26, 1788 Adirondacks New York
60%
8 May 23, 1788 Ft. Sumter South Carolina
59%
15 June 1, 1792 Bourbon Kentucky
58%
47 Jan. 6, 1912 A-bomb New Mexico
58%
29 Dec. 28, 1846 Corn Iowa
57%
30 May 29, 1848 America's Dairyland Wisconsin
57%
13 May 29, 1790 Ocean State Rhode Island
56%
9 June 21, 1788 Mt. Washington New Hampshire
55%
40 Nov. 2, 1889 Badlands South Dakota
55%
14 Mar. 4, 1791 Green Mountains Vermont
55%
44 July 10, 1890 Old Faithful Wyoming
55%
12 Nov. 21, 1789 Smoky Mountains North Carolina
54%
6 February 6, 1788 Old Ironsides Massachusetts
52%
17 Mar. 1, 1803 Wright Brothers Ohio
51%
33 Feb. 14, 1859 Beaver State Oregon
51%
24 Aug. 10, 1821 Show me! Missouri
50%
25 June 15, 1836 Ozarks Arkansas
49%
35 June 20, 1863 Coal mines West Virginia
49%
38 Aug. 1, 1876 Air Force Academy Colorado
48%
42 Nov. 11, 1889 Evergreen Washington
48%
20 Dec. 10, 1817 Magnolia State Mississippi
47%
41 Nov. 8, 1889 Little Bighorn Montana
46%
22 Dec. 14, 1819 Bear Bryant Alabama
42%
16 June 1, 1796 Rock City Tennessee
41%
46 Nov. 16, 1907 Land rush Oklahoma
40%
34 Jan. 29, 1861 Brown vs. Board Kansas
38%
37 Mar. 1, 1867 Berkshire Hathaway Nebraska
35%
No matching quizzes found
Score Distribution
Percent of People with Each Score
Percentile by Number Answered
Your Score History
You have not taken this quiz